[Event "POL-ch blind"]
[Site "Ustron"]
[Date "2019.03.16"]
[Round "7"]
[White "Ciula, Edward"]
[Black "Wojcieszyn, Zdzislaw"]
[Result "1-0"]
[WhiteElo "1924"]
[BlackElo "1938"]
[PlyCount "65"]
[EventDate "2019.03.11"]
[EventType "swiss"]
[EventRounds "9"]
[EventCountry "POL"]
[SourceTitle "EXT 2020"]
[Source "ChessBase"]
[SourceDate "2019.10.17"]
[SourceVersion "1"]
[SourceVersionDate "2019.10.17"]
[SourceQuality "1"]

1. d4 d5 2. c4 c6 3. Nf3 Nf6 4. Qc2 g6 5. Bf4 Bf5 6. Qb3 Qb6 7. Nbd2 Qxb3 8. axb3 Nbd7 9. h3 Bg7 10. e3 0-0 11. Be2 Rfe8 12. 0-0 Ne4 13. cxd5 Nxd2 14. Nxd2 cxd5 15. g4 Be6 16. Rfc1 Rec8 17. Rc3 a6 18. Rac1 Nf8 19. Bf3 Rxc3 20. Rxc3 Rd8 21. Rc7 Rd7 22. Rc8 f6 23. b4 Bf7 24. Nb3 b6 25. Bc7 Be6 26. Bg3 Rb7 27. Ra8 Bf7 28. Rxa6 e5 29. Ra8 Be6 30. Rd8 e4 31. Bg2 Kf7 32. Rb8 Nd7 33. Rxb7 1-0

[Event "POL-ch sf blind"]
[Site "Zawoja Osrodek"]
[Date "2011.??.??"]
[Round "5"]
[White "Ciula, Edward"]
[Black "Poswiatowski, Stanislaw"]
[Result "1-0"]
[WhiteElo "1985"]
[BlackElo "1711"]
[PlyCount "65"]
[EventDate "2011.??.??"]
[EventType "swiss"]
[EventRounds "9"]
[EventCountry "POL"]
[SourceTitle "EXT 2013"]
[Source "ChessBase"]
[SourceDate "2012.11.22"]
[SourceVersion "1"]
[SourceVersionDate "2012.11.22"]
[SourceQuality "1"]

1. e4 e6 2. d4 d5 3. Nc3 dxe4 4. Nxe4 Bd7 5. Nf3 Bc6 6. Bd3 Bxe4 7. Bxe4 c6 8. 0-0 Nd7 9. c4 Ngf6 10. Bd3 Bd6 11. Qc2 Qc7 12. b3 h6 13. Bb2 h5 14. Rfe1 0-0-0 15. c5 Be7 16. b4 Nd5 17. Qb3 g5 18. b5 Nb8 19. Ne5 Bf6 20. Nc4 Be7 21. Qa4 b6 22. cxb6 axb6 23. Ne5 Bd6 24. Rac1 c5 25. dxc5 Bxc5 26. Nc4 Qf4 27. Nxb6+ Kb7 28. Rxc5 Qd2 29. Qa8+ Kxb6 30. Rc6+ Nxc6 31. Qxc6+ Ka7 32. Bd4+ Kb8 33. Be5+ 1-0

[Event "POL-ch sf blind"]
[Site "Zawoja Osrodek"]
[Date "2011.??.??"]
[Round "2"]
[White "Ciula, Edward"]
[Black "Zoltek, Tadeusz"]
[Result "1/2-1/2"]
[WhiteElo "1985"]
[BlackElo "2147"]
[PlyCount "46"]
[EventDate "2011.??.??"]
[EventType "swiss"]
[EventRounds "9"]
[EventCountry "POL"]
[SourceTitle "EXT 2013"]
[Source "ChessBase"]
[SourceDate "2012.11.22"]
[SourceVersion "1"]
[SourceVersionDate "2012.11.22"]
[SourceQuality "1"]

1. e4 Nf6 2. e5 Nd5 3. d4 d6 4. c4 Nb6 5. exd6 cxd6 6. Nc3 g6 7. b3 Bg7 8. Be3 0-0 9. Rc1 N6d7 10. Nf3 Nf6 11. Be2 d5 12. c5 Bg4 13. 0-0 Nc6 14. a3 a6 15. b4 Bxf3 16. Bxf3 e6 17. Qb3 Ne8 18. Rfd1 Bf6 19. Na4 Ng7 20. Nb6 Ra7 21. a4 Nf5 22. Qb2 Bg7 23. b5 axb5 1/2-1/2

[Event "POL-ch sf blind"]
[Site "Zawoja Osrodek"]
[Date "2011.??.??"]
[Round "8"]
[White "Falkowski, Dawid"]
[Black "Ciula, Edward"]
[Result "1/2-1/2"]
[WhiteElo "2069"]
[BlackElo "1985"]
[PlyCount "53"]
[EventDate "2011.??.??"]
[EventType "swiss"]
[EventRounds "9"]
[EventCountry "POL"]
[SourceTitle "EXT 2013"]
[Source "ChessBase"]
[SourceDate "2012.11.22"]
[SourceVersion "1"]
[SourceVersionDate "2012.11.22"]
[SourceQuality "1"]

1. e4 e6 2. Nc3 d5 3. Nf3 c5 4. exd5 exd5 5. Bb5+ Nc6 6. d4 a6 7. Bxc6+ bxc6 8. 0-0 Nf6 9. Ne5 Qc7 10. Bf4 Qb7 11. Re1 Be6 12. Bg5 cxd4 13. Qxd4 Be7 14. Qa4 Rc8 15. Bxf6 gxf6 16. Ng4 0-0 17. Re3 Qd7 18. Nh6+ Kh8 19. Rae1 Rb8 20. Nf5 Rb4 21. Qa5 Rxb2 22. Nxe7 Qxe7 23. Ne2 Rxc2 24. Nd4 Rc4 25. Nxe6 fxe6 26. Rxe6 Qc5 27. Qc7 1/2-1/2

[Event "Ramsowo Grunwald Cup 25th"]
[Site "Ramsowo"]
[Date "2010.09.25"]
[Round "4"]
[White "Ciula, Edward"]
[Black "Zoltek, Tadeusz"]
[Result "0-1"]
[WhiteElo "1985"]
[BlackElo "2194"]
[PlyCount "64"]
[EventDate "2010.09.24"]
[EventType "swiss"]
[EventRounds "9"]
[EventCountry "POL"]
[SourceTitle "EXT 2011"]
[Source "ChessBase"]
[SourceDate "2010.11.26"]
[SourceVersion "1"]
[SourceVersionDate "2010.11.26"]
[SourceQuality "1"]

1. e4 c5 2. Nf3 Nc6 3. d4 cxd4 4. Nxd4 e5 5. Nb5 d6 6. N1c3 a6 7. Na3 b5 8. Nd5 Nce7 9. c4 Nxd5 10. cxd5 f5 11. exf5 Bxf5 12. Nc2 Nf6 13. Ne3 Bd7 14. Be2 Be7 15. 0-0 0-0 16. b3 Rc8 17. Bb2 Qe8 18. Qd2 Ne4 19. Qe1 Bg5 20. Bd3 Nc5 21. Rd1 Nxd3 22. Rxd3 Qg6 23. Qe2 Bh3 24. Nd1 Rc2 25. Qxc2 Bf5 26. Qc3 Bxd3 27. Re1 Be4 28. Qg3 Bxd5 29. Bxe5 dxe5 30. Rxe5 Re8 31. Ne3 Rxe5 32. Qxe5 Bf7 0-1

[Event "POL-ch sf blind"]
[Site "Zawoja Osrodek"]
[Date "2010.04.10"]
[Round "2.1"]
[White "Migala, Andrzej"]
[Black "Ciula, Edward"]
[Result "1-0"]
[WhiteElo "2092"]
[BlackElo "2002"]
[PlyCount "91"]
[EventDate "2010.04.08"]
[EventType "swiss"]
[EventRounds "9"]
[EventCountry "POL"]
[SourceTitle "EXT 2023"]
[Source "ChessBase"]
[SourceDate "2022.10.05"]
[SourceVersion "1"]
[SourceVersionDate "2022.10.05"]
[SourceQuality "1"]

1. e4 c5 2. Nc3 Nc6 3. Bb5 d6 4. Bxc6+ bxc6 5. d3 g6 6. Be3 Bg7 7. Qd2 Rb8 8. Rb1 Qa5 9. Nge2 Be6 10. b3 h6 11. 0-0 Nf6 12. h3 Qc7 13. Rbe1 0-0 14. Bxh6 Kh7 15. Be3 Rh8 16. f4 Qc8 17. Ng3 Kg8 18. f5 Bd7 19. Rf3 Nh5 20. Nce2 Nxg3 21. Nxg3 e5 22. Ref1 Be8 23. Qf2 Rb7 24. Qd2 Rc7 25. Kh2 Qb7 26. Kg1 Rd7 27. Qf2 Rc7 28. Qe2 Rd7 29. R3f2 Rc7 30. Qg4 Rd7 31. a4 Qc7 32. Qe2 a6 33. Rf3 Qb7 34. Qf2 Qc7 35. Re1 Qc8 36. Nf1 Qb7 37. Nd2 Qc7 38. Rf1 Qc8 39. Rb1 Qb7 40. Nf1 Rc7 41. Qd2 Bd7 42. Ng3 Rc8 43. b4 cxb4 44. Qxb4 Qxb4 45. Rxb4 gxf5 46. Nxf5 1-0

[Event "POL-chT blind"]
[Site "Mielno"]
[Date "2010.03.26"]
[Round "8.4"]
[White "Migala, Andrzej"]
[Black "Ciula, Edward"]
[Result "1-0"]
[WhiteElo "2092"]
[BlackElo "2002"]
[PlyCount "54"]
[EventDate "2010.03.21"]
[EventType "team-tourn"]
[EventRounds "10"]
[EventCountry "POL"]
[SourceTitle "EXT 2011"]
[Source "ChessBase"]
[SourceDate "2010.11.26"]
[SourceVersion "1"]
[SourceVersionDate "2010.11.26"]
[SourceQuality "1"]

1. e4 e6 2. d4 d5 3. e5 c5 4. c3 Nc6 5. Nf3 Qb6 6. a3 c4 7. Nbd2 Nge7 8. b3 cxb3 9. Nxb3 Ng6 10. Bd3 Be7 11. h4 Bd7 12. h5 Nf8 13. Rb1 Qc7 14. h6 g6 15. 0-0 Rg8 16. Ng5 Nxe5 17. dxe5 Qxe5 18. Nd4 Qc7 19. f4 Qxc3 20. Bb2 Qc5 21. Kh1 f6 22. Ngf3 Qd6 23. Qd2 a6 24. Bc3 e5 25. Bb4 Qc7 26. Bxe7 Kxe7 27. fxe5 fxe5 1-0

[Event "POL-chT blind"]
[Site "Mielno"]
[Date "2010.03.25"]
[Round "7.3"]
[White "Wojcieszyn, Zdzislaw"]
[Black "Ciula, Edward"]
[Result "1/2-1/2"]
[WhiteElo "2014"]
[BlackElo "2002"]
[PlyCount "60"]
[EventDate "2010.03.21"]
[EventType "team-tourn"]
[EventRounds "10"]
[EventCountry "POL"]
[SourceTitle "EXT 2011"]
[Source "ChessBase"]
[SourceDate "2010.11.26"]
[SourceVersion "1"]
[SourceVersionDate "2010.11.26"]
[SourceQuality "1"]

1. Nf3 d5 2. d4 Nf6 3. c4 e6 4. Nc3 Be7 5. e3 Nbd7 6. Bd3 0-0 7. 0-0 c6 8. Qc2 h6 9. e4 dxe4 10. Nxe4 Nxe4 11. Bxe4 Nf6 12. Be3 Qc7 13. Rfe1 Rd8 14. Bd2 b6 15. Rad1 Bb7 16. Bc3 Rac8 17. Qe2 Rd7 18. Ne5 Rdd8 19. Bc2 Bd6 20. b3 Re8 21. h3 Rcd8 22. Rd2 a5 23. Red1 Be7 24. f4 c5 25. Kh1 cxd4 26. Bxd4 Bb4 27. Qf2 Rd6 28. Bc3 Rxd2 29. Qxd2 Bxc3 30. Qxc3 Rd8 1/2-1/2

[Event "POL-chT blind"]
[Site "Mielno"]
[Date "2010.03.24"]
[Round "6.4"]
[White "Hagner, Pawel"]
[Black "Ciula, Edward"]
[Result "1/2-1/2"]
[WhiteElo "1872"]
[BlackElo "2002"]
[PlyCount "59"]
[EventDate "2010.03.21"]
[EventType "team-tourn"]
[EventRounds "10"]
[EventCountry "POL"]
[SourceTitle "EXT 2011"]
[Source "ChessBase"]
[SourceDate "2010.11.26"]
[SourceVersion "1"]
[SourceVersionDate "2010.11.26"]
[SourceQuality "1"]

1. d4 d5 2. Nf3 Nf6 3. Bg5 e6 4. e3 Be7 5. Nbd2 Nbd7 6. c3 Ne4 7. Bf4 f5 8. Ne5 0-0 9. Ndf3 Ndf6 10. Ng5 Nxg5 11. Bxg5 Ne4 12. Bxe7 Qxe7 13. Bd3 Nf6 14. 0-0 Bd7 15. Qc2 c5 16. dxc5 Qxc5 17. Qe2 Bc6 18. Nxc6 bxc6 19. c4 Qd6 20. h3 Nd7 21. b3 Rf6 22. cxd5 cxd5 23. Rac1 Rh6 24. Rfd1 Qe7 25. Rc7 Qd6 26. Rdc1 Ne5 27. f4 Nxd3 28. Qxd3 Rf6 29. Qd4 Rf7 30. Rc8+ 1/2-1/2

[Event "POL-chT blind"]
[Site "Mielno"]
[Date "2010.03.22"]
[Round "3.4"]
[White "Ciula, Edward"]
[Black "Migala, Andrzej"]
[Result "1/2-1/2"]
[WhiteElo "2002"]
[BlackElo "2092"]
[PlyCount "59"]
[EventDate "2010.03.21"]
[EventType "team-tourn"]
[EventRounds "10"]
[EventCountry "POL"]
[SourceTitle "EXT 2011"]
[Source "ChessBase"]
[SourceDate "2010.11.26"]
[SourceVersion "1"]
[SourceVersionDate "2010.11.26"]
[SourceQuality "1"]

1. e4 c5 2. Nf3 d6 3. d4 cxd4 4. Nxd4 Nf6 5. Nc3 a6 6. Be2 e5 7. Nb3 Be7 8. Be3 0-0 9. f3 Be6 10. Qd2 d5 11. exd5 Nxd5 12. Nxd5 Qxd5 13. 0-0 Qxd2 14. Nxd2 Nd7 15. Bd3 Rac8 16. c4 Rfd8 17. Rac1 Bc5 18. Bf2 Bxf2+ 19. Rxf2 Nc5 20. Bf1 Kf8 21. b4 Nd3 22. Bxd3 Rxd3 23. c5 Bxa2 24. Ne4 Be6 25. Rff1 Bd7 26. Rfd1 Rxd1+ 27. Rxd1 Bc6 28. Nd6 Rc7 29. Kf2 g6 30. g4 1/2-1/2

[Event "Grunwald Cup 23rd blind"]
[Site "Dadaj"]
[Date "2008.09.29"]
[Round "9"]
[White "Clemente Llamero, Roberto"]
[Black "Ciula, Edward"]
[Result "1-0"]
[WhiteElo "2097"]
[BlackElo "2044"]
[PlyCount "53"]
[EventDate "2008.09.21"]
[EventType "swiss"]
[EventRounds "9"]
[EventCountry "POL"]
[SourceTitle "CBM 126 Extra"]
[Source "ChessBase"]
[SourceDate "2008.11.05"]
[SourceVersion "1"]
[SourceVersionDate "2008.11.05"]
[SourceQuality "1"]

1. e4 e6 2. d3 d5 3. Nd2 Nf6 4. Ngf3 Be7 5. g3 0-0 6. Bg2 c5 7. 0-0 Nc6 8. Re1 Qc7 9. Qe2 d4 10. e5 Nd5 11. Nf1 b5 12. h4 a5 13. N1h2 Ba6 14. Bg5 Rad8 15. Bxe7 Ncxe7 16. Qe4 Bb7 17. Ng5 g6 18. Ng4 Rb8 19. Qe2 Ba6 20. Qd2 Qb6 21. Bxd5 Nxd5 22. Nxh7 f5 23. exf6 Rf7 24. Ng5 Nc7 25. Nxf7 Kxf7 26. Qh6 Rg8 27. Qh7+ 1-0

[Event "Grunwald Cup 23rd blind"]
[Site "Dadaj"]
[Date "2008.09.24"]
[Round "4"]
[White "Ciula, Edward"]
[Black "Suder, Ryszard"]
[Result "0-1"]
[WhiteElo "2044"]
[BlackElo "2183"]
[PlyCount "39"]
[EventDate "2008.09.21"]
[EventType "swiss"]
[EventRounds "9"]
[EventCountry "POL"]
[SourceTitle "CBM 126 Extra"]
[Source "ChessBase"]
[SourceDate "2008.11.05"]
[SourceVersion "1"]
[SourceVersionDate "2008.11.05"]
[SourceQuality "1"]

1. d4 Nf6 2. c4 g6 3. Nc3 d5 4. cxd5 Nxd5 5. e4 Nxc3 6. bxc3 Bg7 7. Nf3 0-0 8. Qc2 c5 9. Be3 cxd4 10. cxd4 Nc6 11. e5 Bg4 12. Rd1 Rc8 13. Qb2 Qa5+ 14. Rd2 Nb4 15. Be2 Rc2 16. Qa1 Nd5 17. 0-0 Nxe3 18. Rxc2 Nxc2 19. Qb2 Nb4 20. a3 0-1

[Event "POL-chT3 Slaskie"]
[Site "Poland"]
[Date "2008.03.02"]
[Round "5.1"]
[White "Reichert, Jakub"]
[Black "Ciula, Edward"]
[Result "0-1"]
[WhiteElo "1753"]
[BlackElo "2009"]
[PlyCount "92"]
[EventDate "2008.02.03"]
[EventType "team-swiss"]
[EventRounds "9"]
[EventCountry "POL"]
[SourceTitle "EXT 2019"]
[Source "ChessBase"]
[SourceDate "2018.10.10"]
[SourceVersion "1"]
[SourceVersionDate "2018.10.10"]
[SourceQuality "1"]

1. c4 e5 2. Nc3 Nf6 3. g3 Be7 4. Bg2 0-0 5. d3 c6 6. Nf3 d6 7. 0-0 Be6 8. b3 Qc8 9. Bg5 Bh3 10. Ne4 Bxg2 11. Kxg2 Nbd7 12. Nh4 d5 13. Nf5 Bd8 14. Bxf6 Nxf6 15. Nfd6 Qd7 16. Nxf6+ Bxf6 17. c5 Be7 18. e4 Bxd6 19. cxd6 Qxd6 20. Qe2 Rad8 21. Rad1 Qg6 22. f4 dxe4 23. f5 exd3 24. Qxe5 Qd6 25. Qxd6 Rxd6 26. Rf3 Rfd8 27. Kf2 Kf8 28. Re3 Rd5 29. g4 Rc5 30. a4 Rc2+ 31. Kg3 Rc3 32. Rb1 Rc2 33. Rd1 Rc3 34. Rb1 b6 35. h3 a6 36. Kf3 b5 37. axb5 axb5 38. h4 c5 39. g5 c4 40. bxc4 bxc4 41. h5 Rb3 42. Ra1 Rb5 43. Kf4 c3 44. Ra7 c2 45. Rc7 Rb1 46. f6 c1Q 0-1

[Event "POL-chT3 Liga Slaska"]
[Site "Poland"]
[Date "2007.05.12"]
[Round "7"]
[White "Smolka, Marcin"]
[Black "Ciula, Edward"]
[Result "0-1"]
[WhiteElo "1865"]
[BlackElo "2049"]
[PlyCount "55"]
[EventDate "2007.01.28"]
[EventType "team-swiss"]
[EventRounds "9"]
[EventCountry "POL"]
[SourceTitle "EXT 2011"]
[Source "ChessBase"]
[SourceDate "2010.11.26"]
[SourceVersion "1"]
[SourceVersionDate "2010.11.26"]
[SourceQuality "1"]
[WhiteTeam "Rybnik MKSz II"]
[BlackTeam "Dabrowa Gornicza Zaglebie"]
[WhiteTeamCountry "POL"]
[BlackTeamCountry "POL"]

1. e4 e6 2. d4 d5 3. Nc3 c5 4. exd5 exd5 5. Bb5+ Nc6 6. dxc5 d4 7. Nce2 Qa5+ 8. c3 Qxb5 9. cxd4 Bg4 10. f3 Bf5 11. d5 Rd8 12. Nc3 Qxc5 13. Qe2+ Nce7 14. Bf4 Nf6 15. d6 Rxd6 16. Bxd6 Qxd6 17. Nb5 Qb4+ 18. Kf1 Nfd5 19. Rd1 Be6 20. a3 Qc5 21. b4 Qb6 22. Qd3 Nc6 23. Re1 Be7 24. Nd6+ Bxd6 25. Qxd5 Be7 26. Qd3 0-0 27. Ne2 Bf6 28. g3 0-1